|
|
|
|
| LEADER |
00892cam a2200217 a 4500 |
| 001 |
0000139151 |
| 005 |
20140902090000.0 |
| 040 |
|
|
|a mod
|
| 041 |
|
|
|a eng
|
| 020 |
0 |
0 |
|a 9789678923071
|
| 090 |
0 |
0 |
|a 345.595023
|b MAL
|e 2013
|
| 110 |
0 |
0 |
|a Malaysia
|
| 245 |
1 |
0 |
|a Akta Kesalahan Keselamatan (Langkah-Langkah Khas) 2012 (Akta 747) dan Peraturan-Peraturan & Security Offences (Special Measures) Act 2012 (Act 747) and Regulations
|b (Hingga 10hb Jun 2013)
|c compiled by : Lembaga Penyelidikan Undang-Undang
|
| 260 |
0 |
0 |
|a Petaling Jaya
|b International Law Book Services
|c 2013
|
| 300 |
0 |
0 |
|a 69 p.
|c 24 cm
|
| 650 |
0 |
0 |
|a Whistle blowing
|x Law and legislation
|z Malaysia
|
| 650 |
0 |
0 |
|a Evidence (Law)
|z Malaysia
|
| 650 |
0 |
0 |
|a Subversive activities
|x Law and legislation
|z Malaysia
|
| 710 |
0 |
0 |
|a Lembaga Penyelidikan Undang-Undang
|
| 852 |
0 |
0 |
|a 01
|
| 999 |
|
|
|a 0294089
|b PULNORD
|d BOOKS
|e Rujukan
|f PULNORD
|j AVAILABLE
|q GOOD CONDITION
|